Complexity of the self: a developmental approach to psychopathology and therapy
| Main Author: | |
|---|---|
| Format: | Print Book |
| Language: | English |
| Published: |
New York [u.a.]
Guilford Press
1987
|
| In: | Year: 1987 |
| Online Access: |
Contributor biographical information Publisher description Sample text Table of contents |
| Availability in Tübingen: | Present in Tübingen. UB: KB 18 A 2952 |
| Check availability: | HBZ Gateway |
| Subito Delivery Service: | Order now. |
| Keywords: |
MARC
| LEADER | 00000cam a2200000 c 4500 | ||
|---|---|---|---|
| 001 | 274086441 | ||
| 003 | DE-627 | ||
| 005 | 20251222212558.0 | ||
| 007 | tu | ||
| 008 | 990101s1987 xxu||||| 00| ||eng c | ||
| 020 | |a 0898620120 |9 0-89862-012-0 | ||
| 035 | |a (DE-627)274086441 | ||
| 035 | |a (DE-576)013386026 | ||
| 035 | |a (DE-599)GBV274086441 | ||
| 035 | |a (OCoLC)246539308 | ||
| 035 | |a (OCoLC)15220957 | ||
| 035 | |a (DE-604)8007073658 | ||
| 040 | |a DE-627 |b ger |c DE-627 |e rakwb | ||
| 041 | |a eng | ||
| 044 | |c XD-US | ||
| 050 | 0 | |a RC455.4.S42 | |
| 060 | 0 | |a WM 100 G946c | |
| 082 | 0 | |a 616.89 | |
| 084 | |a CZ 3000 |2 rvk |0 (DE-625)rvk/19240: | ||
| 100 | 1 | |a Guidano, Vittorio F. |d 1944-1999 |0 (DE-588)1145403956 |0 (DE-627)1006538798 |0 (DE-576)161234720 |4 aut | |
| 109 | |a Guidano, Vittorio F. 1944-1999 |a Guidano, V. F. 1944-1999 | ||
| 245 | 1 | 0 | |a Complexity of the self |b a developmental approach to psychopathology and therapy |c Vittorio F. Guidano |
| 264 | 1 | |a New York [u.a.] |b Guilford Press |c 1987 | |
| 300 | |a XVI, 248 S. | ||
| 336 | |a Text |b txt |2 rdacontent | ||
| 337 | |a ohne Hilfsmittel zu benutzen |b n |2 rdamedia | ||
| 338 | |a Band |b nc |2 rdacarrier | ||
| 490 | 0 | |a The Guilford clinical psychology and psychotherapy series | |
| 583 | 1 | |a Archivierung prüfen |c 20221111 |f DE-640 |z 2 |2 pdager | |
| 583 | 1 | |a Archivierung prüfen |c 20240324 |f DE-4165 |z 1 |2 pdager | |
| 650 | 0 | |a Self | |
| 650 | 0 | |a Psychology, Pathological | |
| 650 | 0 | |a Developmental Psychology | |
| 650 | 2 | |a Cognition Disorders | |
| 650 | 2 | |a Ego | |
| 650 | 2 | |a Mental Disorders |x etiology | |
| 650 | 2 | |a Mental Disorders |x therapy | |
| 650 | 2 | |a Self Concept | |
| 650 | 4 | |a Psychopathologie | |
| 650 | 4 | |a Psychotherapie | |
| 650 | 4 | |a Individuelle Entwicklung | |
| 650 | 4 | |a Ichorganisation | |
| 689 | 0 | 0 | |d s |0 (DE-588)4047724-1 |0 (DE-627)10482624X |0 (DE-576)209074507 |a Psychopathologie |2 gnd |
| 689 | 0 | |5 (DE-627) | |
| 856 | 4 | 2 | |u http://www.loc.gov/catdir/bios/guilford051/87000350.html |x Verlag |y Contributor biographical information |7 1 |
| 856 | 4 | 2 | |u http://www.loc.gov/catdir/description/guilford051/87000350.html |x Verlag |y Publisher description |7 1 |
| 856 | 4 | 2 | |u http://www.loc.gov/catdir/toc/guilford041/87000350.html |x Verlag |y Table of contents |7 1 |
| 856 | 4 | 2 | |u http://www.loc.gov/catdir/enhancements/fy0651/87000350-s.html |x Verlag |y Sample text |7 1 |
| 935 | |i Blocktest | ||
| 936 | r | v | |a CZ 3000 |b Psychopathologie, Psychiatrie |k Psychologie |k Grenzgebiete der Psychologie |k Psychopathologie, Psychiatrie |0 (DE-627)1271133776 |0 (DE-625)rvk/19240: |0 (DE-576)201133776 |
| 951 | |a BO | ||
| ELC | |b 1 | ||
| LOK | |0 000 xxxxxcx a22 zn 4500 | ||
| LOK | |0 001 3276754207 | ||
| LOK | |0 003 DE-627 | ||
| LOK | |0 004 274086441 | ||
| LOK | |0 005 20151026131119 | ||
| LOK | |0 008 871116||||||||||||||||ger||||||| | ||
| LOK | |0 040 |a DE-21 |c DE-627 |d DE-21 | ||
| LOK | |0 852 |a DE-21 | ||
| LOK | |0 852 1 |c KB 18 A 2952 |9 00 | ||
| LOK | |0 935 |a krim | ||
| LOK | |0 939 |a 16-11-87 |b l01 | ||
| ORI | |a SA-MARC-krimdoka001.raw | ||
| SIG | |a UB: KB 18 A 2952 | ||
